00379nam a2200157Ia 450000500170000000800460001703700180006304000200008104100130010108400090011424500350012326000280015849000070018694200070019399900210020020250507125916.0008 250505s9999 xx 000 0 eng d aBound Volumes aEASLbengcEASL aeng2eng qEASL 0aBulletin of Concerned Asian Sc aUSAbBerkeley Bill Doub v21 cCR c1315058d1315058